Best F1 drivers per nationality. - Statistics

General Stats
  • This quiz has been taken 27 times
  • The average score is 17 of 34
Answer Stats
Nation First year Answer % Correct
Austria 1971 Niki Lauda
91%
France 1980 Alain Prost
82%
Netherlands 2015 Max Verstappen
82%
Monaco 2018 Charles Leclerc
77%
Finland 2001 Kimi Raikkonen
77%
Canada 2017 Lance Stroll
77%
United Kingdom 2007 Lewis Hamilton
77%
China 2022 Zhou Guanyu
77%
Australia 2011 Daniel Ricciardo
73%
Spain 2001 Fernando Alonso
73%
Mexico 2011 Sergio Perez
73%
Brazil 2002 Felipe Massa
68%
Poland 2006 Robert Kubica
68%
Germany 2007 Sebastian Vettel
68%
Thailand 2019 Alexander Albon
64%
Colombia 2001 Juan Pablo Montoya
59%
Denmark 2014 Kevin Magnussen
59%
Russia 2014 Daniil Kvyat
45%
Argentina 1972 Carlos Reutemann
41%
Japan 2009 Kamui Kobayashi
41%
United States 1968 Mario Andretti
41%
Belgium 1967 Jacky Ickx
36%
South Africa 1972 Jody Scheckter
36%
Switzerland 1970 Clay Regazzoni
32%
New Zealand 1965 Denny Hulme
32%
India 2005 Narain Karthikeyan
27%
Italy 1977 Ricardo Patrese
23%
Sweden 1970 Ronnie Peterson
23%
Portugal 2005 Tiago Monteiro
23%
Chile 1981 Eliseo Salazar
18%
Rhodesia 1962 John Love
18%
Hungary 2003 Zsolt Baumgartner
18%
Ireland 1978 Derek Daly
14%
Venezuela 2011 Pastor Maldonado
9%
No matching quizzes found
Score Distribution
Percent of People with Each Score
Percentile by Number Answered
Your Score History
You have not taken this quiz